| 000 -LEADER |
| fixed length control field |
01276 a2200265 4500 |
| 003 - CONTROL NUMBER IDENTIFIER |
| control field |
Nust |
| 005 - DATE AND TIME OF LATEST TRANSACTION |
| control field |
20221115123913.0 |
| 010 ## - LIBRARY OF CONGRESS CONTROL NUMBER |
| LC control number |
2004112583 |
| 020 ## - INTERNATIONAL STANDARD BOOK NUMBER |
| International Standard Book Number |
3540232230 (pt. 1) |
| 020 ## - INTERNATIONAL STANDARD BOOK NUMBER |
| International Standard Book Number |
3540232400 (pt. 2) |
| 035 ## - SYSTEM CONTROL NUMBER |
| System control number |
(CStRLIN)CTYA6709618-B |
| 040 ## - CATALOGING SOURCE |
| Transcribing agency |
Nust |
| 082 00 - DEWEY DECIMAL CLASSIFICATION NUMBER |
| Classification number |
621.367,IMA |
| 245 10 - TITLE STATEMENT |
| Title |
Image analysis and recognition : |
| Remainder of title |
international conference, ICIAR 2004, Porto, Portugal, September 29-October 1, 2004 : proceedings /part 1 |
| Statement of responsibility, etc. |
Aurelio Campilho, Mohamed Kamel, eds. |
| 260 ## - PUBLICATION, DISTRIBUTION, ETC. |
| Place of publication, distribution, etc. |
Berlin : |
| Name of publisher, distributor, etc. |
Springer-Verlag, |
| Date of publication, distribution, etc. |
c2004- |
| 300 ## - PHYSICAL DESCRIPTION |
| Extent |
880p |
| Other physical details |
ill. ; |
| Dimensions |
24 cm. |
| 440 #0 - SERIES STATEMENT/ADDED ENTRY--TITLE |
| Title |
Lecture notes in computer science ; |
| Volume/sequential designation |
3211 |
| 9 (RLIN) |
26093 |
| 505 ## - FORMATTED CONTENTS NOTE |
| Formatted contents note |
Image Segmentation (Page-1), Image Processing and Analysis (Page-114), Image Analysis and Synthesis (Page-236), Image and Video Coding (Page-269), Shape and Matching (Page-327), Image Description and Recognition (Page-432), Video Processing and Analysis (Page-564), Image Retrieval and Indexing (Page-729), Morphology (Page-840). |
| 650 #0 - SUBJECT ADDED ENTRY--TOPICAL TERM |
| Topical term or geographic name entry element |
Image analysis |
| 9 (RLIN) |
3477 |
| 650 #0 - SUBJECT ADDED ENTRY--TOPICAL TERM |
| Topical term or geographic name entry element |
Optical pattern recognition |
| 9 (RLIN) |
95558 |
| 700 1# - ADDED ENTRY--PERSONAL NAME |
| Personal name |
Campilho, A. |
| 9 (RLIN) |
102638 |
| 700 1# - ADDED ENTRY--PERSONAL NAME |
| Personal name |
Kamel, Mohamed. |
| 9 (RLIN) |
102639 |
| 856 42 - ELECTRONIC LOCATION AND ACCESS |
| Materials specified |
Publisher description |
| Uniform Resource Identifier |
<a href="http://www.loc.gov/catdir/enhancements/fy0823/2004112583-d.html">http://www.loc.gov/catdir/enhancements/fy0823/2004112583-d.html</a> |
| 942 ## - ADDED ENTRY ELEMENTS (KOHA) |
| Source of classification or shelving scheme |
|
| Koha item type |
Book |